[Event "BL2-Sued 9697"]
[Site "Germany"]
[Date "1997.??.??"]
[Round "?.3"]
[White "Neunhoeffer, Helmut"]
[Black "Huber, Armin"]
[Result "1-0"]
[WhiteElo "2335"]
[BlackElo "2330"]
[PlyCount "152"]
[EventDate "1996.10.??"]
[EventType "team-tourn"]
[EventRounds "9"]
[EventCountry "GER"]
[SourceTitle "GER-chT2"]
[Source "ChessBase"]
[SourceDate "1999.07.01"]
[SourceVersion "1"]
[SourceVersionDate "1999.07.01"]
[SourceQuality "1"]
[WhiteTeam "Heidelberg"]
[BlackTeam "Sindelfingen"]
[WhiteTeamCountry "GER"]
[BlackTeamCountry "GER"]

1. d4 d5 2. c4 e6 3. Nc3 c6 4. e3 Nf6 5. Nf3 Nbd7 6. Qc2 Bd6 7. Bd2 0-0 8. 0-0-0 b6 9. cxd5 exd5 10. Bd3 c5 11. e4 c4 12. Be2 dxe4 13. Nh4 Re8 14. Nf5 Nf8 15. Nxd6 Qxd6 16. Nb5 Qe7 17. Bf4 Nd5 18. Bd6 Qd7 19. Qxc4 Bb7 20. Bxf8 Rxf8 21. Kb1 Rfc8 22. Qb3 a6 23. Nc3 Nxc3+ 24. bxc3 b5 25. f3 exf3 26. Bxf3 Bxf3 27. gxf3 Qf5+ 28. Kb2 Qxf3 29. d5 Ra7 30. Rhe1 Rd7 31. Rd2 g6 32. Red1 Rd6 33. Qb4 Rcd8 34. Qc5 Qe4 35. Rd4 Qf5 36. R1d2 Qd7 37. R4d3 Rc8 38. Qe3 a5 39. Rd4 Re8 40. Qf4 Qe7 41. Qg3 Kg7 42. Qd3 Qd7 43. Qg3 h6 44. h4 h5 45. Kc2 Qc7 46. Kb2 Qc5 47. Qf4 Rf6 48. Qg3 Rd6 49. Qf4 Re7 50. Qg3 a4 51. Qd3 Re5 52. Rd1 Qc7 53. Rd2 Qd7 54. Rd1 Kf8 55. Rd2 Kg8 56. Rd1 Qe8 57. Rd2 Re3 58. Qf1 Kg7 59. Qf4 Rf6 60. Qc7 Re7 61. Qc5 Rf5 62. Qb4 Re2 63. R4d3 Kg8 64. Qd4 Re4 65. Qb6 Qd7 66. d6 Kg7 67. Rd4 Re8 68. Qc7 Qxc7 69. dxc7 Rc8 70. Rd7 Kf6 71. R2d6+ Ke5 72. Rc6 a3+ 73. Kb3 Rf4 74. Rd8 Rc4 75. Rxc8 Rxc6 76. Re8+ Kf5 1-0

[Event "BL2-Sued 9798"]
[Site "Germany"]
[Date "1997.??.??"]
[Round "?.5"]
[White "Schmidt, Georg"]
[Black "Huber, Armin"]
[Result "0-1"]
[WhiteElo "2235"]
[BlackElo "2330"]
[PlyCount "78"]
[EventDate "1997.10.??"]
[EventType "team-tourn"]
[EventRounds "9"]
[EventCountry "GER"]
[SourceTitle "EXT 1999"]
[Source "ChessBase"]
[SourceDate "1998.11.16"]
[SourceVersion "1"]
[SourceVersionDate "1998.11.16"]
[SourceQuality "1"]
[WhiteTeam "Muenchen 36"]
[BlackTeam "Sindelfingen"]
[WhiteTeamCountry "GER"]
[BlackTeamCountry "GER"]

1. e4 e6 2. d4 d5 3. Nd2 dxe4 4. Nxe4 Nd7 5. Bd3 Ngf6 6. Nxf6+ Nxf6 7. Nf3 Be7 8. Be3 0-0 9. 0-0 b6 10. Qe2 Bb7 11. Rfd1 Qc8 12. c4 c5 13. Rac1 Rd8 14. Bb1 Qc7 15. Bg5 cxd4 16. Rxd4 Rxd4 17. Nxd4 h6 18. Be3 Bc5 19. Nb3 Bd6 20. h3 Bh2+ 21. Kh1 Bf4 22. Bxf4 Qxf4 23. Qe3 Qh4 24. Kg1 Nh5 25. Bd3 Rd8 26. Bf1 Nf4 27. g3 Nxh3+ 28. Kh2 Nxf2+ 29. Kg1 Ng4 30. gxh4 Nxe3 31. Be2 Nf5 32. h5 Nd4 33. Nxd4 Rxd4 34. b4 Rd2 35. Kf1 Rxa2 36. c5 bxc5 37. bxc5 Bc6 38. Rd1 Kf8 39. Rd6 Be8 0-1

[Event "BL2-Sued 9798"]
[Site "Germany"]
[Date "1997.??.??"]
[Round "?.4"]
[White "Von Naso, Lancelot"]
[Black "Huber, Armin"]
[Result "1-0"]
[WhiteElo "2160"]
[BlackElo "2330"]
[PlyCount "97"]
[EventDate "1997.10.??"]
[EventType "team-tourn"]
[EventRounds "9"]
[EventCountry "GER"]
[SourceTitle "EXT 1999"]
[Source "ChessBase"]
[SourceDate "1998.11.16"]
[SourceVersion "1"]
[SourceVersionDate "1998.11.16"]
[SourceQuality "1"]
[WhiteTeam "Heidelberg"]
[BlackTeam "Sindelfingen"]
[WhiteTeamCountry "GER"]
[BlackTeamCountry "GER"]

1. f4 d5 2. Nf3 c5 3. g3 Nc6 4. Bg2 g6 5. 0-0 Bg7 6. d3 Nf6 7. Nc3 d4 8. Na4 Qd6 9. c4 b6 10. b3 Bb7 11. Rb1 0-0 12. Bd2 Rab8 13. b4 Nd7 14. Ng5 Nd8 15. Ne4 Qc7 16. f5 Be5 17. bxc5 bxc5 18. Rb5 Bxe4 19. Bxe4 Rxb5 20. cxb5 Nf6 21. Bg2 c4 22. Bh6 Re8 23. Nb2 Ng4 24. Bg5 c3 25. Nc4 Bf6 26. Bf4 Qc5 27. Qa4 e5 28. Bc1 Kg7 29. h3 Ne3 30. Bxe3 dxe3 31. fxg6 hxg6 32. b6 Re7 33. b7 Qc7 34. Rb1 Qb8 35. Nxe3 Bg5 36. Nd5 Rxb7 37. Rxb7 Qxb7 38. Nxc3 Qb2 39. Ne4 Be3+ 40. Kh2 Qc1 41. h4 Ne6 42. Qd7 Qg1+ 43. Kh3 Qe1 44. Nd6 Qf2 45. Bf3 Nf4+ 46. gxf4 Qf1+ 47. Bg2 Qxf4 48. Qg4 Qf2 49. Qf3 1-0

[Event "BL2-Sued 9596"]
[Site "Germany"]
[Date "1996.??.??"]
[Round "?"]
[White "Huber, Armin"]
[Black "Beck, Gerald"]
[Result "1-0"]
[WhiteElo "2340"]
[BlackElo "2255"]
[PlyCount "77"]
[EventDate "1995.10.??"]
[EventType "team-tourn"]
[EventRounds "9"]
[EventCountry "GER"]
[SourceTitle "GER-chT2"]
[Source "ChessBase"]
[SourceDate "1999.07.01"]
[SourceVersion "1"]
[SourceVersionDate "1999.07.01"]
[SourceQuality "1"]
[WhiteTeam "Sindelfingen"]
[BlackTeam "Bad Mergentheim"]
[WhiteTeamCountry "GER"]
[BlackTeamCountry "GER"]

1. e4 c6 2. d4 d5 3. Nd2 dxe4 4. Nxe4 Nd7 5. Bc4 Ngf6 6. Nxf6+ Nxf6 7. Nf3 e6 8. 0-0 b5 9. Bd3 Bb7 10. Bg5 a6 11. Qe2 Be7 12. c3 0-0 13. Rad1 Qc7 14. Ne5 c5 15. dxc5 Qxc5 16. Bxf6 Bxf6 17. Nd7 Qc6 18. Qg4 Be7 19. Nxf8 Rxf8 20. Qh3 f5 21. Rfe1 Rf6 22. Bf1 Rg6 23. Rd3 Bd6 24. Red1 Bc7 25. Rd4 h6 26. a4 Bb6 27. axb5 axb5 28. Rd6 Qc5 29. R1d2 Kh7 30. b4 Qc7 31. Rxe6 Rg5 32. Rdd6 Ba7 33. Rxh6+ Kg8 34. Rh8+ Kf7 35. Qd3 Bc6 36. Rhd8 Ke7 37. Qe2+ Be4 38. Qxb5 Bc6 39. Qe5+ 1-0

[Event "BL2-Sued 9596"]
[Site "Germany"]
[Date "1996.??.??"]
[Round "?.6"]
[White "Huber, Armin"]
[Black "Pfrommer, Christoph"]
[Result "1/2-1/2"]
[WhiteElo "2340"]
[BlackElo "2300"]
[PlyCount "90"]
[EventDate "1995.10.??"]
[EventType "team-tourn"]
[EventRounds "9"]
[EventCountry "GER"]
[SourceTitle "GER-chT2"]
[Source "ChessBase"]
[SourceDate "1999.07.01"]
[SourceVersion "1"]
[SourceVersionDate "1999.07.01"]
[SourceQuality "1"]
[WhiteTeam "Sindelfingen"]
[BlackTeam "Karlsruhe"]
[WhiteTeamCountry "GER"]
[BlackTeamCountry "GER"]

1. e4 c5 2. c3 d5 3. exd5 Qxd5 4. d4 Nf6 5. Be3 Ng4 6. Nf3 Nxe3 7. fxe3 e6 8. Bd3 Be7 9. 0-0 Nc6 10. Nbd2 0-0 11. Ne4 Qh5 12. Kh1 Qh6 13. Qe2 b6 14. Nf2 Bb7 15. Ng4 Qh5 16. Nfe5 Qg5 17. Nxc6 Bxc6 18. Ne5 Bb7 19. Rf4 Bd6 20. Rg4 Qh6 21. Qf2 f5 22. Rh4 Qg5 23. Rh3 Bxe5 24. dxe5 Rad8 25. Bc4 Bd5 26. Rg3 Qe7 27. Be2 Be4 28. Qf4 Rd2 29. Bf3 Rfd8 30. b3 Bxf3 31. gxf3 Rd1+ 32. Rg1 Rxa1 33. Rxa1 Rd5 34. c4 Rd7 35. Rg1 Kh8 36. h3 h6 37. Rg2 Kh7 38. Kh2 Rd3 39. h4 Qd7 40. e4 Rd4 41. Qg3 fxe4 42. Qg6+ Kh8 43. fxe4 Qe7 44. Kh3 Qf8 45. Kg4 Qe7 1/2-1/2

[Event "BL2-Sued 9596"]
[Site "Germany"]
[Date "1996.??.??"]
[Round "?.5"]
[White "Orlowski, Juergen"]
[Black "Huber, Armin"]
[Result "1-0"]
[WhiteElo "2225"]
[BlackElo "2340"]
[PlyCount "135"]
[EventDate "1995.10.??"]
[EventType "team-tourn"]
[EventRounds "9"]
[EventCountry "GER"]
[SourceTitle "GER-chT2"]
[Source "ChessBase"]
[SourceDate "1999.07.01"]
[SourceVersion "1"]
[SourceVersionDate "1999.07.01"]
[SourceQuality "1"]
[WhiteTeam "Wuerzburg"]
[BlackTeam "Sindelfingen"]
[WhiteTeamCountry "GER"]
[BlackTeamCountry "GER"]

1. Nf3 d5 2. d4 Nf6 3. c4 e6 4. Nc3 c6 5. e3 Nbd7 6. Qc2 Bd6 7. h3 0-0 8. g4 Re8 9. g5 Nh5 10. Bd2 e5 11. cxd5 cxd5 12. Nxd5 e4 13. Ng1 Qxg5 14. Nc7 Bxc7 15. Qxc7 Nb6 16. Qc5 Bf5 17. Ne2 Rec8 18. Rg1 Qf6 19. Qe5 Qxe5 20. dxe5 Nd7 21. Bc3 Re8 22. Rg5 g6 23. Nd4 Ng7 24. Bb5 Rad8 25. 0-0-0 Bxh3 26. Rg3 a6 27. Ba4 b5 28. Bc2 Bf5 29. Ba5 Rc8 30. Nxf5 Nxf5 31. Rxd7 Nxg3 32. fxg3 Rxe5 33. Kd2 Rh5 34. Bxe4 Rh2+ 35. Kd3 Rxb2 36. Bd5 Rf2 37. Ra7 Rf6 38. Bc3 Rf5 39. Bb3 a5 40. Bxa5 h5 41. Bc3 Rd8+ 42. Bd4 g5 43. Ke2 Re8 44. Rb7 g4 45. Rb6 Kf8 46. Rh6 Rf3 47. Rh7 Rf5 48. Bc2 Rf3 49. Bc5+ Kg8 50. Rxh5 f6 51. Bd4 Rxg3 52. Rf5 Rg2+ 53. Kd3 g3 54. Bxf6 Rxe3+ 55. Kxe3 Rxc2 56. a3 g2 57. Rg5+ Kf7 58. Bd4 Ke6 59. Kd3 Ra2 60. Bc5 Kd7 61. Rg6 Ra1 62. Rxg2 Kc6 63. Bb4 Rd1+ 64. Kc2 Rd4 65. Kb3 Rh4 66. Rg6+ Kd5 67. Rd6+ Ke4 68. Bc3 1-0

[Event "BL2-Sued 9495"]
[Site "Germany"]
[Date "1995.??.??"]
[Round "3.7"]
[White "Huber, Armin"]
[Black "Kratochwil, Christian"]
[Result "1-0"]
[WhiteElo "2345"]
[BlackElo "2315"]
[PlyCount "97"]
[EventDate "1994.10.??"]
[EventType "team-tourn"]
[EventRounds "9"]
[EventCountry "GER"]
[SourceTitle "GER-chT2"]
[Source "ChessBase"]
[SourceDate "1999.07.01"]
[SourceVersion "1"]
[SourceVersionDate "1999.07.01"]
[SourceQuality "1"]
[WhiteTeam "Sindelfingen"]
[BlackTeam "Viernheim"]
[WhiteTeamCountry "GER"]
[BlackTeamCountry "GER"]

1. e4 d6 2. d4 Nf6 3. Nc3 g6 4. g3 Bg7 5. Bg2 0-0 6. Nge2 e5 7. h3 Nc6 8. Be3 exd4 9. Nxd4 Bd7 10. 0-0 Re8 11. Re1 a6 12. Nxc6 Bxc6 13. Bd4 Nd7 14. f4 Bxd4+ 15. Qxd4 Qf6 16. Qxf6 Nxf6 17. Rad1 a5 18. e5 Nh5 19. Bxc6 bxc6 20. Kf2 d5 21. Na4 Rab8 22. Re3 f6 23. Rde1 fxe5 24. Rxe5 Rxe5 25. Rxe5 Kf7 26. b3 Nf6 27. Nc5 Rb5 28. Ne6 Ne4+ 29. Kf3 Rb8 30. Nxc7 Rc8 31. Ne6 a4 32. Ng5+ Nxg5+ 33. Rxg5 axb3 34. axb3 Ra8 35. Re5 Ra2 36. Re2 h5 37. Ke3 Ke6 38. Kd2+ Kf6 39. Re8 Ra5 40. Kd3 Rc5 41. Rc8 d4 42. b4 Rc3+ 43. Kxd4 Rxc2 44. b5 Rg2 45. Rxc6+ Kf5 46. Rc5+ Kf6 47. Rc3 Rb2 48. Kc5 Ke6 49. Kc6 1-0

[Event "Budapest FS02 IM-A"]
[Site "Budapest"]
[Date "1994.??.??"]
[Round "7"]
[White "Huber, Armin"]
[Black "Dutschak, Hauke"]
[Result "1/2-1/2"]
[WhiteElo "2305"]
[BlackElo "2305"]
[PlyCount "98"]
[EventDate "1994.02.??"]
[EventType "tourn"]
[EventRounds "13"]
[EventCountry "HUN"]
[EventCategory "3"]
[SourceTitle "EXT 1997"]
[Source "ChessBase"]
[SourceDate "1996.11.15"]
[SourceVersion "1"]
[SourceVersionDate "1996.11.15"]
[SourceQuality "1"]

1. e4 d5 2. exd5 Nf6 3. Bb5+ Nbd7 4. c4 a6 5. Ba4 b5 6. cxb5 Nxd5 7. d4 N5b6 8. Bc2 axb5 9. Nf3 Bb7 10. 0-0 e6 11. Nc3 b4 12. Ne4 b3 13. Bd3 Rxa2 14. Rb1 Qa8 15. Qxb3 Bd5 16. Qc2 Nc4 17. Nc3 Na3 18. Nxd5 Qxd5 19. Qxc7 Nxb1 20. Bc4 Qa8 21. Bxa2 Qxa2 22. Qc8+ Ke7 23. Ne5 Qd5 24. Be3 f6 25. Nc6+ Kf7 26. Rxb1 g5 27. b4 Rg8 28. Qc7 Kg6 29. Kh1 h5 30. b5 h4 31. b6 h3 32. f3 hxg2+ 33. Kxg2 g4 34. Rf1 Bd6 35. Qxd7 gxf3+ 36. Rxf3 Kh5+ 37. Kf2 Bg3+ 38. Rxg3 Qxd7 39. Rxg8 Qxc6 40. Rh8+ Kg4 41. h3+ Kf5 42. d5 exd5 43. Rh5+ Ke6 44. Rh4 Qc2+ 45. Kf3 Qb3 46. Kf2 Ke5 47. Bd4+ Kf5 48. Be3 Qc2+ 49. Kf3 Qd1+ 1/2-1/2

[Event "Altensteig U20"]
[Site "Altensteig"]
[Date "1994.??.??"]
[Round "?"]
[White "Huber, Armin"]
[Black "Froehlich, Peter"]
[Result "1/2-1/2"]
[WhiteElo "2305"]
[BlackElo "2215"]
[PlyCount "93"]
[EventDate "1994.08.??"]
[EventType "tourn"]
[EventRounds "11"]
[EventCountry "GER"]
[EventCategory "5"]
[SourceTitle "EXT 1997"]
[Source "ChessBase"]
[SourceDate "1996.11.15"]
[SourceVersion "1"]
[SourceVersionDate "1996.11.15"]
[SourceQuality "1"]

1. e4 d6 2. d4 Nf6 3. Nc3 g6 4. g3 Bg7 5. Bg2 0-0 6. Nge2 e5 7. 0-0 c6 8. h3 b5 9. dxe5 dxe5 10. Qxd8 Rxd8 11. Be3 Nbd7 12. Rfd1 Bb7 13. Nc1 Bf8 14. Nd3 Re8 15. f3 Nh5 16. Kh2 Ng7 17. a4 a6 18. Nf2 Nc5 19. Ng4 Nh5 20. Bxc5 Bxc5 21. Rd7 Re7 22. Rxe7 Bxe7 23. Rd1 Rd8 24. axb5 Rxd1 25. Nxd1 axb5 26. Nxe5 Bd6 27. f4 g5 28. Nd3 gxf4 29. g4 Ng7 30. e5 Bb8 31. Nc3 f6 32. exf6 f3+ 33. Kg1 Ba7+ 34. Nf2 fxg2 35. fxg7 Bd4 36. Kxg2 c5+ 37. Kf1 b4 38. Ncd1 Bf3 39. Ke1 Kxg7 40. Nd3 Bg2 41. Nf4 Bf3 42. Ne6+ Kf6 43. Nxd4 cxd4 44. Nf2 Kg5 45. Nd3 Kh4 46. Nxb4 Kxh3 47. g5 1/2-1/2